[Event "Augsburg"]
[Site "Augsburg"]
[Date "2005.01.04"]
[Round "9"]
[White "Atalik, Suat"]
[Black "Reiss, Tibor"]
[Result "1-0"]
[WhiteElo "2541"]
[BlackElo "2430"]
[Annotator "Atalik,S"]
[PlyCount "31"]
[EventDate "2004.12.27"]
[EventType "tourn"]
[EventRounds "11"]
[EventCountry "GER"]
[EventCategory "8"]
[SourceTitle "CBM 104 Extra"]
[Source "ChessBase"]
[SourceDate "2005.03.01"]
[SourceVersion "1"]
[SourceVersionDate "2005.03.01"]
[SourceQuality "1"]

1. d4 d5 2. c4 c6 3. Nf3 Nf6 4. Nc3 a6 5. e3 b5 6. c5 $1 {A move championed by
GM Dreev.} Nbd7 {The most natural response.} (6... Bg4 7. a4 (7. Qb3 Nbd7 8. a4
Bxf3 9. gxf3 e5 10. Qa3 Nb6 11. b3 exd4 12. exd4 Be7 13. Bd3 O-O 14. O-O $13)
7... b4 8. Ne2 Nbd7 (8... a5 9. Ne5) 9. a5 Ne4 10. h3 $16) (6... Bf5 7. Ne5 $40
) (6... g6 7. Bd3 (7. b4 $6 a5 8. bxa5 Qxa5 9. Bd2 b4 10. Nb1 Ne4 11. Be2 Bg7
12. O-O Nxd2 13. Nbxd2 O-O 14. Ne1 e5 15. Nc2 Bf5 $40) (7. Qb3 a5 $132) 7...
Bg7 8. h3 O-O 9. Bd2 a5 10. a3 Nbd7 11. O-O $14) 7. b4 a5 8. bxa5 e5 $6 {
A move which I did not like at all.} (8... Qxa5 $142 9. Bd2 b4 10. Nb1 Ne4 11.
Be2 e5 12. O-O Nxd2 13. Nbxd2 Be7 14. Ne1 O-O 15. Nc2 {Alexey had some blitz
games like this which he did not win despite of being a pawn up.} exd4 16. exd4
Bf6 (16... Ba6 17. a3 b3 18. Nxb3 Qa4 $44) 17. a3 b3 18. Nxb3 Qa4 19. Nb4 Re8
20. Bg4 Nf8 $44) 9. Bd2 $1 {Now black will have problems in winning the pawn
back.} e4 (9... Ne4 10. Nxe4 dxe4 11. Nxe5 Nxe5 12. dxe5 Qd5 13. a4 $1 (13. Bb4
$2 Bxc5 14. a3 Qxd1+ 15. Rxd1 Be7 $15) 13... b4 14. Bxb4 Qxe5 15. Qd4 Qxd4 16.
exd4 Be6 17. Kd2 Be7 18. Kc3 Kd7 19. Re1 Bd5 20. Bc4 $16) 10. Ng5 $1 $146 {
This looks better than GM Dreev's} (10. Ng1 $5 Rxa5 11. a4 bxa4 12. Rxa4 Rxa4
13. Qxa4 Qc7 14. Na2 (14. Ba6 Be7 15. Nge2 O-O 16. h3 Bxa6 17. Qxa6 Rb8 $132)
14... Be7 15. Nb4 Nb8 16. Ne2 O-O 17. Ng3 $16) 10... Rxa5 11. a4 bxa4 12. Rxa4
Rxa4 13. Qxa4 Nb8 $2 {A horrible move.} (13... Qc7 14. f3 (14. Na2 Be7 15. Nb4
Nb8 16. h4 O-O 17. Be2 Ng4 $132) (14. Ba6 Be7) 14... h6 15. Nh3 exf3 16. gxf3
$14) (13... Bb7 14. Qa7 Qa8 15. Qxa8+ Bxa8 16. f3 $14) 14. Qa7 Bd7 $4 {One
mistake follows another one, my ooponent has pushed the destruction button!} (
14... Nfd7 $8 15. Nh3 Be7 16. Na2 (16. Nxd5 $2 cxd5 17. Ba5 Nc6 $19) 16... O-O
17. Ba5 Qe8 18. Bc7 Nf6 19. Qxb8 (19. Nf4 $5) 19... Bxh3 20. Qxe8 Nxe8 21. Bg3
Bd7 22. Ba6 $16) 15. Na4 $18 {The game became one of the shortest wins in my
career.} h6 16. Ba5 1-0

[Event "Olympiad-36"]
[Site "Mallorca"]
[Date "2004.10.18"]
[Round "4"]
[White "Vaganian, Rafael A"]
[Black "Atalik, Suat"]
[Result "1/2-1/2"]
[WhiteElo "2640"]
[BlackElo "2541"]
[Annotator "Atalik,S"]
[PlyCount "118"]
[EventDate "2004.10.15"]
[EventType "team-swiss"]
[EventRounds "14"]
[EventCountry "ESP"]
[SourceTitle "CBM 104"]
[Source "ChessBase"]
[SourceDate "2005.01.27"]
[SourceVersion "1"]
[SourceVersionDate "2005.01.27"]
[SourceQuality "1"]
[WhiteTeam "Armenia"]
[BlackTeam "Bosnia&Herzegovina"]
[WhiteTeamCountry "ARM"]
[BlackTeamCountry "BIH"]

1. d4 d5 2. c4 c6 3. Nc3 Nf6 4. e3 a6 5. Nf3 b5 {Inspired by my opponents play
when I was white in this system I have also picked it up for this game.} 6. b3
Bg4 7. Be2 e6 8. O-O Nbd7 9. h3 Bf5 $5 {I remember the difficulties I have
faced against GM Burmakin and decided to go for this subvariation.} 10. Bd3 Bb4
11. Bb2 Bxd3 12. Qxd3 O-O 13. Rfc1 {Everything has been played in some other
games so far.} Re8 $5 $146 {Here comes my novelty! Frankly speaking since I
had no time to make any preparation my logic commanded me into this.} ({
I did not like the idea to pull my bishop out of b4 too early.} 13... Bd6 $5)
14. cxd5 ({Do not ask me what I had in mind after} 14. Rc2 {since the only
variation which makes my Re8 justified is not rosy.} dxc4 15. bxc4 Nb6 16. Ne5
Bd6 17. Rd1 Bxe5 18. dxe5 Qxd3 19. Rxd3 Nfd7 20. Ne4 bxc4 21. Rd6 Rec8 22. Nd2
Rab8 $14) 14... exd5 $2 {I was aiming for such a structure deliberately. No
comments!} (14... cxd5 15. a4 bxa4 16. Nxa4 a5 17. Rc2 Rc8 18. Rxc8 Qxc8 19.
Rc1 Qb8 $14) 15. Ne2 Rc8 16. Rc2 Bd6 17. Rac1 Qb6 (17... c5 18. dxc5 Nxc5 19.
Qd1 $1 $18 {and the pawn can not be defended.}) 18. Ne5 $1 $16 {A great move
by Rafik after which the bells toll for black!} Nb8 {A sad necessity.} (18...
Nxe5 19. dxe5 Bxe5 20. Bxe5 Rxe5 21. Qd4 $1 {This is the point.} (21. Nd4 c5)
21... Nd7 (21... Qb8 22. Rxc6 Rxc6 23. Rxc6 Re6 24. Qc5 $18 {wins a pawn.}) 22.
Qxb6 Nxb6 23. Rxc6 (23. Nd4 Kf8 24. Rxc6 Ree8 25. R1c2 Rxc6 26. Rxc6 Rb8 27.
Rc7 $18) 23... Rxc6 24. Rxc6 Re6 25. Rc7 Kf8 26. Nd4 Re7 27. Rc6 Rb7 28. Nf5
$18) 19. Nf4 (19. Qf5 Qb7 20. Nf4 {is a transposition.}) 19... Qb7 20. Qf5 Rc7
21. f3 Qc8 22. Qxc8 ({White can not keep the queens and he does not want to.} 
22. Qd3 $2 c5 23. Ba3 Nc6 $1 24. Nxc6 c4 $1 25. Bxd6 cxd3 26. Nxd3 Rxc6 27.
Rxc6 Qf5 28. Nf4 h5 29. Be5 Nd7 $132 30. Nxd5 Nxe5 31. dxe5 Qxe5 32. e4 $11)
22... Rexc8 23. g4 {Black's position looks more precarious after every move.}
Nfd7 24. Kf2 Nf8 25. Ned3 a5 {Bc3-a5 or b4 should be prevented.} 26. Bc3 b4 27.
Be1 {Now another problem comes into the scene, he wants to exchange my good
bishop from over g3 square.} Na6 {I have decided not to give him c5 square.} (
27... g5 28. Nh5 Nbd7 29. Ke2 Ne6 30. Bg3 Bxg3 31. Nxg3 {And white is ready to
filtrate in black's camp.}) (27... Ne6 28. Nxe6 fxe6 29. Kg2 (29. Nc5 e5) 29...
Nd7 30. Bg3 Bxg3 31. Kxg3 Kf7 32. Nc5 Nxc5 33. Rxc5 a4 34. bxa4 Ra7 35. Rxc6
Rxc6 36. Rxc6 Rxa4 37. Rb6 g5 38. h4 gxh4+ (38... h6 39. h5 Kf6 40. Rb8 Rxa2
41. Rxb4 Ra3 42. Rb7 Rxe3 43. Rh7 Rd3 44. Rxh6+ Kf7 45. Rg6 Rxd4 46. Rxg5 $18)
39. Kxh4 Rxa2 40. Kg5 $1 $18) (27... Nbd7 28. Ke2 {should transpose one of the
lines above.} {Since} f6 {runs into} 29. Bg3 Kf7 30. Nxd5 $1 Bxg3 31. Nxc7 Rxc7
32. Rxc6 $18) 28. Ke2 Ne6 29. Bg3 Nxf4+ 30. Bxf4 Bxf4 31. Nxf4 Kf8 32. Kd3 $1 {
A simple move which has caught me by surprise.} (32. Nd3 Ke7 33. Nc5 Nxc5 34.
Rxc5 a4 35. bxa4 Ra8 36. Rxc6 (36. a5 Rca7 37. Rxc6 Rxa5 38. Rc7+ Kd8 $1 39.
Rxf7 Rxa2+ 40. Kf1 b3 41. Rf8+ Kd7 42. Rxa8 Rxa8 43. Rb1 Ra3 44. Ke2 Kc6 45. e4
(45. Kd2 Kb5 46. Kc3 b2+ 47. Kxb2 Rxe3 $11) 45... Kb5 46. exd5 Kc4 47. d6 Ra6
48. d7 Rd6 49. Rc1+ Kb4 50. Rc7 Rxd4 $11) 36... Rxc6 37. Rxc6 Rxa4 38. Rc2 Ra3
39. Rb2 Ke6 $44) 32... Ke7 $6 {I might have tried something riskier.} (32... g5
33. Nh5 Ke7 34. e4 $1 $18 (34. Ng3 c5)) 33. h4 h6 34. h5 $1 $18 {Now it is a
trivial win for white.} Kd6 35. e4 f6 {Another passive decision.} (35... a4 36.
e5+ Kd7 37. bxa4 b3 38. Rb2 Nb4+ (38... bxa2 39. Kd2 $18) 39. Kd2 Nxa2 40. Rcb1
c5 41. Rxb3 cxd4 42. Nxd5 Rc2+ 43. Kd3 Ke6 44. Nb6 R8c6 45. Kxd4 Nc1 46. Ra3
Ne2+ 47. Kd3 Kxe5 48. Rb5+ $18) 36. Re2 Re8 37. Rce1 Rce7 38. Ng6 {Transposing
into a won knights ending.} dxe4+ 39. Rxe4 {Simplest but there were other
promising variations in this position.} (39. fxe4 Re6 40. Nh4 Ke7 41. Nf5+ Kf7
42. Kc4 Rd8 43. e5 $18) 39... Rxe4 40. Rxe4 $1 {Right decision.} (40. fxe4 $6
Nc7 41. Nh4 Ne6 42. Nf5+ Kd7 $16 {and blacks position is more resilient
compared the previous ones.}) 40... Rxe4 41. fxe4 $1 {The other recapture was
also leading to a win but the text is much simpler.} (41. Kxe4 $5 Nc7 42. Nh4
Ne6 (42... Nb5 43. Nf5+ Kd7 44. Nxg7 Nc3+ 45. Kd3 Nxa2 46. Nf5 Nc1+ 47. Kc4 $18
) 43. Nf5+ Kd7 44. f4 Kc7 45. Ne3 Kd7 46. Nc4 $18) 41... Nc7 42. Nh4 {Knight
goes to f5 and black is done. I have considered resignation for a while here
but do not forget noone won anything by resigning.} Ne6 43. Nf5+ Kd7 44. d5 {
This is of course winning but the alternative seemed even sweatless.} (44. Ke3
$142 c5 45. dxc5 (45. d5 Nc7 46. Nxg7 c4 47. bxc4 a4 48. Nf5 Na6 49. Kd2 Nc5
50. Nxh6 Nxe4+ 51. Kc2 Kd6 52. Nf5+ Kc5 53. h6 Ng5 54. d6 Kc6 55. c5 Kd7 56.
Nd4 $18) 45... Kc7 46. e5 fxe5 47. Ke4 Nxc5+ 48. Kxe5 Nd3+ 49. Ke4 Nc1 50. Nxg7
Nxa2 51. g5 a4 52. bxa4 b3 53. Kd3 $18) 44... cxd5 45. exd5 Nf4+ 46. Kc4 (46.
Ke4 Ne2 47. Nxg7 Nc3+ 48. Kd4 Nxa2 49. Kc4 Nc3 50. Nf5 Ne4 51. Kb5 Nc3+ 52.
Kxa5 Nxd5 53. Nxh6 Ne3 54. Kxb4 $18) 46... g6 47. hxg6 Nxg6 48. Kb5 $4 {
An incredible blunder by Rafik who was moving quickly in the last moves.} (48.
Nxh6 Kd6 49. Nf5+ Ke5 50. Kc5 Kf4 51. d6 Nf8 52. Nh6 Kg5 53. Ng8 Kxg4 54. Nxf6+
Kf5 55. Nd5 $18) 48... Nf4 49. d6 $5 (49. Kxa5 Nxd5 50. Kb5 Nc3+ 51. Kxb4 Nxa2+
52. Kc4 Ke6 53. Nxh6 Ke5 54. Ng8 Kf4 55. Nxf6 Kg5 56. Nd5 Kxg4 $11) 49... Nd5
50. Kxa5 Kc6 51. Ka4 Kc5 $1 $11 {Probably that is what he has missed. Now the
d pawn is indirectly controlled.} 52. Ka5 Kc6 53. d7 Kxd7 54. Kb5 Nc3+ 55. Kxb4
Nxa2+ 56. Kc4 Ke6 57. Kd4 (57. Nxh6 Ke5 $11) 57... Kf7 58. Nh4 {Now we even
have equal pawns.} (58. Nxh6+ Kg6 59. Nf5 (59. Ng8 Kf7 $11) 59... Kg5 60. Ne3
Kf4 $11) 58... Kg7 59. Ke3 (59. Ke4 Nc1 60. b4 Na2 {wins the b pawn.}) 59... h5
{A lucky save by black.} (59... h5 60. gxh5 Kh6 $11) 1/2-1/2

[Event "EU-ch 2nd"]
[Site "Ohrid"]
[Date "2001.06.02"]
[Round "2"]
[White "Atalik, Suat"]
[Black "Dautov, Rustem"]
[Result "1-0"]
[WhiteElo "2537"]
[BlackElo "2631"]
[Annotator "Atalik,S"]
[PlyCount "145"]
[EventDate "2001.06.01"]
[EventType "swiss"]
[EventRounds "13"]
[EventCountry "YUG"]
[SourceTitle "CBM 084"]
[Source "ChessBase"]
[SourceDate "2001.09.13"]
[SourceVersion "1"]
[SourceVersionDate "2001.09.13"]
[SourceQuality "1"]

1. d4 d5 2. c4 c6 3. Nf3 Nf6 4. Nc3 a6 {The ever nasty Moldavian Slav.Despite
of the fact that black's last looks like a loss of tempo,it is very difficult
for white to get any advantage in this opening.} 5. cxd5 {Is white heading for
a drawish set up?} cxd5 6. Bg5 {No,6.Bg5 is a line already applied by
evertrustworthy sank Peterburg School memebers.} Ne4 {The best reaction.} (6...
e6 7. e3 Be7 8. Bd3 {gives white an easy game.}) 7. Bh4 Nc6 8. e3 Bg4 $1 $146 {
Moves should not be condemned according to the results of games,this natural
move is both good and a novelty.} (8... Qa5 9. Qb3 Qb4 {The move from
Iskusnyh-Burmakin,Tomsk 2001.} 10. Qxb4 (10. Qc2 Qa5 (10... Bf5 11. Bd3 Qa5 12.
Qb3 Nxc3 13. Bxf5 Nb5+ (13... Ne4+ 14. Ke2 $14) 14. Ke2 e6 15. Bd3 Nb4 16. Rhc1
$14) 11. Nd2 Nb4 12. Qb3 Nxd2 13. Kxd2 e6 14. Be2 $14) 10... Nxb4 11. Rc1 Bf5
12. Nxe4 $5 (12. a3 Nxc3 13. Rxc3 Nc6 14. Rb3 $5 (14. Kd2 e6 15. Bg3 f6 16. Bd3
Bxd3 17. Kxd3 Kd7 18. Rhc1 Rc8 $11) 14... b5 (14... O-O-O $2 15. Rc3 $1 {
Suddenly black is helpless against whites threats.}) (14... Na5 15. Rb6 Rc8 (
15... O-O-O $2 16. Ne5 Kc7 17. Nxf7 Kxb6 18. Nxd8 $16) 16. Be2 (16. b4 {
gives no more than a draw.} Rc1+ (16... Nc4 $2 17. Rxb7 Nxa3 18. Bxa6 Rc1+ 19.
Ke2 Rxh1 20. Rb8+ Kd7 21. Ne5+ Kc7 22. Rb7+ $18) 17. Ke2 Nc4 18. Rxb7 Rc2+ $11)
16... Rc6 17. Rxc6 Nxc6 18. Kd2 e6 19. Bg3 f6 20. Nh4 $14) 15. Rc3 Na5 $13)
12... dxe4 (12... Bxe4 $6 13. Rc7) 13. Nd2 Nxa2 14. Rc7 b5 15. g4 Bxg4 16. Bg2
f5 (16... Kd8 17. Rc5 Nb4 18. Bxe4 Rc8 19. Rxc8+ Kxc8 20. f3 $44) 17. f3 exf3
18. Nxf3 $44) 9. Bd3 Nxc3 10. bxc3 Qd7 11. O-O e6 12. c4 dxc4 (12... Nb4 $6 {
Black should give importance to the development.} 13. c5 (13. Be2 $5) 13...
Nxd3 14. Qxd3 f6 (14... Bxf3 15. gxf3) 15. e4 $40) 13. Bxc4 Be7 14. Bg3 {
White wants to keep all 4 bishops in,yet it is very difficult to approve his
decision.} (14. Bxe7 Qxe7 15. Bd3 $5 O-O 16. Be4 $14) 14... O-O (14... b5 15.
Bd3 $1 {and black has to lose another tempo due to} (15. d5 $2 Nb4 $1 (15...
bxc4 16. dxc6 Qxc6 17. Qd4 Bxf3 18. Qxg7 Rf8 19. gxf3 $13)) 15... O-O 16. h3
Bh5 $2 17. Ne5 $1 Bxd1 18. Nxd7 Rfd8 19. Nb6 $18 (19. Be4 Be2 20. Bxc6 Rac8 21.
Rfc1 $18)) 15. a4 {The text move is ambitious but it is hard to judge if this
move leads to an advantage for home team.} (15. Bd3 $142 $1 Rfd8 16. h3 Bh5 17.
Ne5 Bxd1 18. Nxd7 $14) 15... Rac8 16. Be2 Rfd8 17. Qb3 $8 Qd5 $6 {This is a
very risky move.I believe black should be quick with Bf5-e4.} (17... Bf5 $1 18.
Qb6 $1 $13) 18. Qxb7 $1 {Calculation rules in todays chess.} Nxd4 19. Bxa6 Ne2+
$1 (19... Bxf3 $2 20. Qxd5 $1 {Simplest.} (20. Qxe7 $5 Bxg2 21. exd4 $16) (20.
gxf3 Nxf3+ 21. Kh1 Rc6 $1 22. Bb5 (22. e4 Qc5 23. Rfc1 Qxc1+ 24. Rxc1 Rxc1+ 25.
Kg2 Ne1+ 26. Kh3 Kf8) 22... Nd2+ 23. f3 (23. Kg1 Nf3+ $11) (23. e4 Nxe4) 23...
Nxf1 24. Rxf1 Rc1 25. Qxe7 Qxf3+ 26. Kg1 Qxe3+ 27. Bf2 Rxf1+ 28. Bxf1 $13)
20... Bxd5 21. exd4 Rc2 22. Rfc1 $1 $16 {and the a pawn is very dangerous.})
20. Kh1 Nxg3+ 21. hxg3 Bxf3 $1 {GM Rustem Dautov gets down to business and
starts holding a slightly worse position.} (21... Qh5+ 22. Kg1 Bf6 23. Rad1 $16
{is simply a pawn up for white.}) 22. gxf3 Qxb7 23. Bxb7 Rc7 24. Rab1 {I have
lost precious amount of time here to understand which rook belongs to b1, only
after then I have realized that there is no difference.} (24. Rfb1 Rb8 $1 (
24... Rc2 $2 {Blocking the a pawn is more up in the priority list rather than
any agressive attempt for defender.} 25. Kg1 Bf6 (25... Rdd2 26. Be4 $1) 26.
Ra3 Rdd2 27. Be4 $1 {The same trick.}) 25. Be4 {transposes.}) 24... Rb8 25. Be4
Rxb1 26. Rxb1 Ra7 27. Rb8+ Bf8 28. Bc6 g6 $14 {Black is a pawn down but the
nature of the position makes it almost impossible to win for white.} 29. f4 Kg7
30. Kg2 Bd6 31. Rb2 ({It is too early for rooks swap.I was keeping it in mind
if black would have chosen a set up including h5.Then positions reminiscent of
Speelman-Sveshnikov,Biel(izt)1993 might have occured.} 31. Rb7 Rxb7 32. Bxb7
Bb4 33. Kf3 Kf6 $11) 31... Kf8 32. Kf3 Ke7 33. g4 h6 34. Rb1 g5 $1 35. f5 exf5
36. gxf5 h5 $1 (36... Kf6 $2 {is dangerous due to} 37. Kg4 h5+ 38. Kxh5 Kxf5
39. Rb5+ Be5 40. a5 f6 41. Bb7 $18) 37. Rh1 Rc7 $1 (37... h4 38. Kg4 Kf6 39. f4
gxf4 40. exf4 Rc7 41. Bb5 Rc5 42. Rxh4 Rd5 43. Rh6+ Kg7 44. Rh3 Rd4 45. Rf3 $16
{The final position offers some chances to white due to his strong passer.} Kf6
$140 46. a5 {A possible scenario after this thrust.} Rd5 47. Rd3 $1 Rxd3 48.
Bxd3 Bc5 49. Kf3 $1 (49. Bc4 $2 Ke7 50. Bxf7 (50. a6 f6 51. Kf3 Kd6 52. Ke4 $11
) 50... Kxf7 $11) 49... Ke7 50. f6+ Kxf6 51. Ke4 Ke6 52. Bc4+ Kf6 53. a6 Ke7
54. f5 Ba7 55. Kd5 Kd7 56. Ke5 $18) 38. Bd5 $1 (38. Bb5 Rc5 $11) 38... Rc5 39.
Ke4 Ra5 40. Rxh5 {Unfortunately this exchange is the only chance for white.}
Rxa4+ 41. Kd3 {There is not much difference in which road whites king should
pursuit to enter into enemy's camp.} ({However route via f3 seems to be the
logical itinerary.} 41. Kf3 $142 Ra5 (41... g4+ $2 42. Kg2 Ra5 43. e4 f6 44.
Rh7+ Kd8 45. Rg7 $18) 42. e4 f6 43. Rh7+ Kd8 44. Kg4 (44. Be6 Ra3+ 45. Kg4 Be5
46. Rd7+ Ke8 $11) 44... Rc5 $11 {With the idea of Rc7.}) 41... f6 42. Rh7+ Kd8
43. Bc6 Ra3+ 44. Ke4 Be5 {Now it is almost a draw.} 45. Rd7+ Kc8 46. Re7 (46.
Rd5 Ba1 $1) 46... Rc3 $4 {The text move objectively looks like leading to a
draw ,yet there is no need to allow the dangerous exchange sac.} (46... Ra5 47.
f3 $11) 47. Bb7+ Kd8 48. Rxe5 fxe5 49. Kxe5 Ke7 50. Bd5 Rc2 51. f6+ Kd7 $1 {
Black wants to keep his king up.} (51... Kf8 52. Kf5 Rxf2+ 53. Kxg5) 52. f3 (
52. Kf5 $2 Rxf2+ 53. Kxg5 Kd6 54. e4 Ke5 55. f7 Rxf7 56. Bxf7 Kxe4 $11 {
makes the difference with blacks last.}) 52... Re2 {In this particular
position sometimes even double pawns can win.} (52... Rc3 53. Kf5 $3 Rxe3 (
53... Kd6 54. Be4 (54. Kg6 $2 Kxd5 55. f7 Rc8 56. Kg7 Kc4 57. f8=Q Rxf8 58.
Kxf8 Kd3 59. e4 g4 $11) 54... Rxe3 55. Kxg5 Re1 56. Kg6 Rg1+ 57. Kf7 Rg3 58.
Kf8 Rg1 59. f7 Rc1 (59... Kd7 60. Bf5+ Kd8 61. Bg4 $18) 60. Kg7 $18) 54. Kg6
Re5 (54... Rc3 55. f7 Ke7 56. Kg7 Rc8 57. Bc6 Rf8 58. Be8 Rxe8 59. fxe8=Q+ Kxe8
60. Kf6 Kf8 61. Kxg5 $18) 55. Be4 Rc5 56. Kg7 Ke6 57. f7 Rc7 58. Bg6 Ke5 59.
Kg8 Rc8+ 60. f8=Q Rxf8+ 61. Kxf8 Kf4 62. Bh5 $8 $18) 53. e4 Rf2 54. Be6+ Ke8
55. Bg4 Ra2 56. Kf5 Ra5+ 57. Kg6 Kf8 58. Bf5 Ra3 59. e5 Rxf3 60. e6 Re3 61.
Kxg5 $18 {When pawns are on the 6th as I remember they become unstoppable.} Re1
(61... Ke8 62. Kf4 Re1 63. Be4 Kf8 64. Bd5 Ke8 65. Bc6+ Kf8 66. Kf5 Re2 67. Bd5
Re1 68. Be4 Rf1+) 62. Kf4 Ke8 63. Bg6+ Kf8 64. Be4 Ke8 65. Ke5 (65. Bc6+ Kf8 (
65... Kd8 66. Kf5 Re2 67. Bd7 Rg2 68. Bb5 $18) 66. Kf5 Rf1+ (66... Re3 67. Be4
Rc3 (67... Ke8 68. e7) 68. e7+ Kf7 69. Kf4 Rc8 70. Ke5 Rb8 71. Bd5+ Ke8 72.
Bc6+ Kf7 73. e8=Q+ Rxe8+ 74. Bxe8+ Kxe8 75. Ke6 $18) 67. Ke5 Re1+ 68. Kd6 Re3
69. Bb7 Ke8 70. Bd5 Re1 71. Bf3 Kf8 72. Bh5 $18) 65... Kf8 66. Kd5 (66. Kd4 Ke8
67. Bd5 Re2 68. Kc5 Re1 (68... Re3 69. Kd6 Re1 70. Bf3 Kf8 71. Bh5 $18) 69. Kd6
Re3 70. Bc6+ Kf8 71. Kd7 {is the simplest way to victory as Z.Klausen
demonstrated in 1963.} Re5 (71... Rd3+ 72. Kc7 Re3 73. Kd6 Rd3+ (73... Re2 74.
Bf3 Re3 75. Bh5 Rd3+ 76. Ke5 Re3+ 77. Kd5 Re1 78. Kd6 $18) 74. Bd5 $18) 72. Bf3
Kg8 73. Ke7 Rf5 74. Bh5 Kh7 75. f7 Kg7 76. Ke8 $18) 66... Ke8 67. Bf3 Re3 68.
Bh5+ Kd8 ({Keeping the king on f8 looks tougher,though it is still winning for
white.} 68... Kf8 $142 69. Kd6 Rd3+ 70. Ke5 Re3+ 71. Kd5 Re1 72. Kd6 $18 {
And there is no check on d1,the method is just like Philidor's R+B against R.})
69. Kd6 Rd3+ 70. Ke5 Re3+ 71. Kf5 Re1 72. Bf7 $1 {The sail of whites majesty
to f8 is unavoidable.} Rf1+ 73. Kg6 1-0